000 00471nam a22001811a 4500
001 6125
003 OSt
005 20260204212040.0
008 060309s2004||||dr ||||||b||||||||||spa||
050 _aRD 174 S583c
100 _aSilie Gatón, José A.
245 _aEtica profesional / José A. Silie Gatón
264 _aSanto Domingo : Filantrópica
300 _a225 p
500 _aIncluye indice y bibliografía
650 _a1.Etica ProfesionalÌ
942 _2ddc
_cBK
999 _c6125
_d6125